| 000 | 01226nam a2200313 a 4500 | ||
|---|---|---|---|
| 001 | ebr10621163 | ||
| 003 | CaPaEBR | ||
| 006 | m u | ||
| 007 | cr cn||||||||| | ||
| 008 | 950627s1994 enk sb 001 0 eng d | ||
| 010 | _z 95170531 | ||
| 020 | _z0851867340 | ||
| 020 | _z9780851867342 | ||
| 020 | _z9781847550811 (e-book) | ||
| 040 |
_aCaPaEBR _cCaPaEBR |
||
| 035 | _a(OCoLC)228073689 | ||
| 050 | 1 | 4 |
_aQD96.F5 _bC74 1994eb |
| 100 | 1 | _aCresser, Malcolm S. | |
| 245 | 1 | 0 |
_aFlame spectrometry in environmental chemical analysis _h[electronic resource] : _ba practical guide / _cMalcolm S. Cresser. |
| 260 |
_aCambridge : _bRoyal Society of Chemistry, _c1994. |
||
| 300 | _ax, 108 p. | ||
| 440 | 0 | _aRSC analytical spectroscopy monographs | |
| 504 | _aIncludes bibliographical references and index. | ||
| 533 |
_aElectronic reproduction. _bPalo Alto, Calif. : _cebrary, _d2011. _nAvailable via World Wide Web. _nAccess may be limited to ebrary affiliated libraries. |
||
| 650 | 0 | _aFlame spectroscopy. | |
| 655 | 7 |
_aElectronic books. _2local |
|
| 710 | 2 | _aebrary, Inc. | |
| 856 | 4 | 0 |
_uhttp://site.ebrary.com/lib/rucke/Doc?id=10621163 _zAn electronic book accessible through the World Wide Web; click to view |
| 999 |
_c56687 _d56687 |
||